LEADER 03432nam 22006495 450 001 9910495215603321 005 20251204104419.0 010 $a981-16-3322-3 024 7 $a10.1007/978-981-16-3322-5 035 $a(CKB)4100000012008375 035 $a(MiAaPQ)EBC6710527 035 $a(Au-PeEL)EBL6710527 035 $a(PPN)25735431X 035 $a(BIP)81342699 035 $a(BIP)80231218 035 $a(DE-He213)978-981-16-3322-5 035 $a(EXLCZ)994100000012008375 100 $a20210821d2021 u| 0 101 0 $aeng 135 $aurcnu|||||||| 181 $ctxt$2rdacontent 182 $cc$2rdamedia 183 $acr$2rdacarrier 200 10$aAdvanced Applications of 2D Nanostructures $eEmerging Research and Opportunities /$fedited by Subhash Singh, Kartikey Verma, Chander Prakash 205 $a1st ed. 2021. 210 1$aSingapore :$cSpringer Nature Singapore :$cImprint: Springer,$d2021. 215 $a1 online resource (274 pages) 225 1 $aMaterials Horizons: From Nature to Nanomaterials,$x2524-5392 311 08$a981-16-3321-5 327 $aIntroduction, History and Origin of Two Dimensional (2D) Materials -- Different types and intense classification of 2D Materials -- Different Techniques for Designing and Fabrication of 2D Materials -- 2D Graphene oxide based composites and their application in catalysis and sensing -- Nanostructured 2D Materials as Nano Coatings and Thin Films -- MXene: A non-oxide next generation energy storage materials for batteries and supercapacitors -- Nano coatings and thin films of 2D nanomaterials as transparent conductivity electrodes -- 2D-Metal Oxide Nanosheets (MO-NSs) in Electronic Applications -- Modeling and Simulation of Nano-structured 2D Materials -- Nobel corrosion properties of 2D Nanostructure for advanced applications. . 330 $aThis book focuses on both recent advances and the applications of two-dimensional (2D) nanomaterials in different fields. This book encapsulates all the aspects related to 2D nanomaterials and their applications. It provides scientific and technological insights on novel routes of design and fabrication of few layered nanostructures and their hetero structures based on a variety of 2-D layered materials. It also covers a wide range of industrial applications of 2D nanomaterials. It emphasizes on the detailing of the various characterization techniques used. The book will be a valuable reference for beginners, researchers, and professionals interested in nano-materials and allied fields. 410 0$aMaterials Horizons: From Nature to Nanomaterials,$x2524-5392 606 $aNanotechnology 606 $aNanochemistry 606 $aMaterials 606 $aChemistry 606 $aNanoscale Design, Synthesis and Processing 606 $aNanochemistry 606 $aMaterials Chemistry 615 0$aNanotechnology. 615 0$aNanochemistry. 615 0$aMaterials. 615 0$aChemistry. 615 14$aNanoscale Design, Synthesis and Processing. 615 24$aNanochemistry. 615 24$aMaterials Chemistry. 676 $a620.112 702 $aSingh$b Subhash$f1980- 702 $aVerma$b Kartikey$f1986- 702 $aPrakash$b Chander 801 0$bMiAaPQ 801 1$bMiAaPQ 801 2$bMiAaPQ 906 $aBOOK 912 $a9910495215603321 996 $aAdvanced Applications of 2D Nanostructures$92835167 997 $aUNINA